| 000 | 01314nam a2200241Ia 4500 | ||
|---|---|---|---|
| 003 | Ost | ||
| 005 | 20260507075237.0 | ||
| 008 | 260507s9999||||xx |||||||||||||| ||und|| | ||
| 020 | _a94623299579 | ||
| 040 | _cfsecg | ||
| 041 | _aara | ||
| 082 | _a330 | ||
| 100 |
_aالخطيب، محمد محمود _eمؤلف |
||
| 245 | 0 |
_aالأداء المالي و أثره على عوائد أسهم الشركات / _c محمد محمود الخطيب |
|
| 260 |
_aعمان: _bدار الحامد, _c2010 |
||
| 300 |
_a188 صفحة؛ _bإيضاحات ؛ _c24 سم |
||
| 504 | _aمراجع ص.179 ؛ ملاحق ص.153 ؛جداول ص.13 ؛ اشكال ص.14 | ||
| 520 | _aمفهوم الاداء المالي و مقاييسه ، مقاييس الاداء المالي و أثرها على عوائد الأسهم ، مقاييس و محددات عوائد الأسهم ، العوامل الاقتصادية المؤثرة على عوائد الأسهم ، واقع الشركات الصناعية في بورصة عمان : نشاة قطاع الصناعة ، تطور الشركات الصناعية المدرجة في بورصة عمان ، الاطار التحليلي للدراسة . | ||
| 653 | _aالأسهم | ||
| 653 | _aالشركات | ||
| 653 | _aمحاسبة الشركات | ||
| 942 | _cكتاب | ||
| 999 |
_c43597 _d43597 |
||